LEADER 00926nam 2200301 450 001 996215968203316 005 20180227141517.0 035 $a(CKB)1000000000695715 035 $a(WaSeSS)IndRDA00092748 035 $a(EXLCZ)991000000000695715 100 $a20180227d2008 || | 101 0 $aeng 135 $aur||||||||||| 181 $ctxt$2rdacontent 182 $cc$2rdamedia 183 $acr$2rdacarrier 200 10$a1984 Symposium on VLSI Technology $eSan Diego, USA, September 10-12, 1984 210 1$aNew York :$cIEEE,$d2008. 215 $a1 online resource (94 pages) 311 $a4-930813-08-5 606 $aIntegrated circuits$xVery large scale integration$vCongresses 615 0$aIntegrated circuits$xVery large scale integration 801 0$bWaSeSS 801 1$bWaSeSS 906 $aBOOK 912 $a996215968203316 996 $a1984 Symposium on VLSI Technology$92509196 997 $aUNISA LEADER 01293nam a22002891i 4500 001 991002055059707536 005 20040121114306.0 008 040407s2001 it |||||||||||||||||eng 035 $ab12863956-39ule_inst 035 $aARCHE-084357$9ExL 040 $aDip.to Scienze Storiche$bita$cA.t.i. Arché s.c.r.l. Pandora Sicilia s.r.l. 082 04$a333.7516 100 1 $aAlston, Lee J.$0141813 245 10$aLand reform policies, the sources of violent conflict and implications for deforestation in the Brazilian amazon /$cLee J. Alston, Gary D. Libecap and Bernardo Mueller 260 $aMilano :$bFondazione ENI Enrico Mattei,$c2001 300 $a33 p. ;$c21 cm 440 0$aNote di lavoro della Fondazione ENI Enrico Mattei ;$v70.2001 650 4$aBoschi e forete$zAmazzonia 650 4$aPolitica ambientale 700 1 $aLibecap, Gary D. 700 1 $aMueller, Bernardo 907 $a.b12863956$b02-04-14$c16-04-04 912 $a991002055059707536 945 $aLE009 GEOG.COLL.14H/70$g1$i2009000314344$lle009$o-$pE0.00$q-$rl$s- $t0$u0$v0$w0$x0$y.i13424555$z16-04-04 996 $aLand reform policies, the sources of violent conflict and implications for deforestation in the Brazilian amazon$9302723 997 $aUNISALENTO 998 $ale009$b16-04-04$cm$da $e-$feng$git $h0$i1